| 000 | 00503nam a2200217Ia 4500 | ||
|---|---|---|---|
| 008 | 170918s9999 xx 000 0 und d | ||
| 020 | _a9780439796590 | ||
| 050 | _bM414ra 2006 | ||
| 100 | _aMass, Wendy | ||
| 245 | _aRapunzel : | ||
| 245 | _btwice upon a time / | ||
| 245 | _cby Wendy Mass. | ||
| 260 | _aNew York : | ||
| 260 | _bScholastic, | ||
| 260 | _c2006 | ||
| 300 | _a205 pages : | ||
| 300 | _billustrations ; | ||
| 300 | _c19cm. | ||
| 300 | _eTwice upon a time. | ||
| 500 | _a810 | ||
| 999 |
_c343875 _d343875 |
||